000 00676nam a2200229Ia 4500
008 191130s2010##################000#0#eng##
020 _a9780495802648
022 _a2009944039
040 _aACL
_cACL
082 _a320 KAA
100 _aKaarbo, Juliet
245 _aGlobal politics
_cJuliet Kaarbo, James Lee Ray
250 _a10th ed
260 _aBoston, MA
_bCengage Learning
_c2010
300 _axviii, 590 p. : ill. ; 24 cm
500 _aIncludes bibliographical references (p. 537-574) and index
650 _aWorld politics - 20th century
700 _aRay, James Lee
990 _a80d4d911ac10000c4de3ac0a78885caf
991 _a194711
999 _c195389
_d195389